000 00814nam a2200241 a 4500
003 DO-SdBNP
005 20240412074309.0
007 ta
008 220406e2021 ny a|||er|||| 001 pdspa d
020 _a9789945221343
040 _aDO-SdBNP
_bspa
_cBNPHU
082 4 _aRD861.44
_bF897m
_222
100 1 _925332
_aFrías Jiménez, Milcíades
_d1958-
245 1 0 _aMujer de cristal y luna /
_cMilcíades Frias Jiménez; editor, Benjamín García
260 _aNew York :
_bBega,
_c2021
300 _a137 p. ;
_c22 cm.
500 _aIncluye datos biográficos del autor en la solapa de la cubierta.
590 _aInventariado 2022 / MF
650 4 _921539
_aPoesía Dominicana
650 0 _aLiteratura dominicana.
_xRepública Dominicana
_967
910 _aMFeliz/Validado. Control de calidad MFF
942 _2ddc
_cLBS1
999 _c51477
_d51477